|
|
|
|
| LEADER |
00000caa a2200000 c 4500 |
| 001 |
1621703584 |
| 003 |
DE-627 |
| 005 |
20220606121609.0 |
| 007 |
tu |
| 008 |
080121s2008 xx ||||| 00| ||ger c |
| 035 |
|
|
|a (DE-627)1621703584
|
| 035 |
|
|
|a (DE-576)276410971
|
| 035 |
|
|
|a (DE-599)BSZ276410971
|
| 040 |
|
|
|a DE-627
|b ger
|c DE-627
|e rakwb
|
| 041 |
|
|
|a ger
|
| 100 |
1 |
|
|a Fabricius, Dirk
|d 1949-
|0 (DE-588)120376865
|0 (DE-627)080636128
|0 (DE-576)160899370
|4 aut
|
| 109 |
|
|
|a Fabricius, Dirk 1949-
|
| 245 |
1 |
0 |
|a Forensische Psychiatrie
|b blinde Flecken, neuralgische Punkte
|c von Dirk Fabricius
|
| 264 |
|
1 |
|c 2008
|
| 336 |
|
|
|a Text
|b txt
|2 rdacontent
|
| 337 |
|
|
|a ohne Hilfsmittel zu benutzen
|b n
|2 rdamedia
|
| 338 |
|
|
|a Band
|b nc
|2 rdacarrier
|
| 773 |
0 |
8 |
|i In
|t Strafverteidiger
|d Köln : Heymanns, 1981
|g 28(2008), 1, Seite 45-52
|w (DE-627)129098132
|w (DE-600)8277-6
|w (DE-576)014434857
|x 0720-1605
|7 nnas
|
| 773 |
1 |
8 |
|g volume:28
|g year:2008
|g number:1
|g pages:45-52
|
| 951 |
|
|
|a AR
|
| ELC |
|
|
|b 1
|
| LOK |
|
|
|0 000 xxxxxcx a22 zn 4500
|
| LOK |
|
|
|0 001 3241819477
|
| LOK |
|
|
|0 003 DE-627
|
| LOK |
|
|
|0 004 1621703584
|
| LOK |
|
|
|0 005 20250312120809
|
| LOK |
|
|
|0 008 121204||||||||||||||||ger|||||||
|
| LOK |
|
|
|0 040
|a DE-21-110
|c DE-627
|d DE-21-110
|
| LOK |
|
|
|0 689
|a s
|a Handbuch
|
| LOK |
|
|
|0 689
|a s
|a Begutachtung
|
| LOK |
|
|
|0 689
|a s
|a Forensische Psychiatrie
|
| LOK |
|
|
|0 852
|a DE-21-110
|
| LOK |
|
|
|0 852 1
|m p
|9 00
|
| LOK |
|
|
|0 938
|k p
|
| LOK |
|
|
|0 939
|a 04-12-12
|b l01
|
| ORI |
|
|
|a SA-MARC-krimdoka001.raw
|